[Event "Memorial Urbanec Miroslav"]
[Site "?"]
[Date "2009.??.??"]
[Round "?"]
[White "Nedoma, Petr"]
[Black "Pravec, Ladislav"]
[Result "1/2-1/2"]
[WhiteElo "2375"]
[BlackElo "2324"]
[PlyCount "48"]
[EventDate "2009.??.??"]
[EventType "corr"]
[SourceDate "2004.06.03"]

1. Nf3 Nf6 2. c4 g6 3. d4 Bg7 4. Nc3 d5 5. Bf4 O-O 6. e3 c5 7. dxc5 Ne4 8. Rc1
Nxc3 9. bxc3 dxc4 10. Qxd8 Rxd8 11. Bxc4 Nd7 12. Rd1 Rf8 13. Bg5 Nf6 14. Nd4
Rd8 15. f3 Bd7 16. e4 Rdc8 17. Nb3 Ba4 18. Rd4 b5 19. Bd3 Bxb3 20. axb3 Rxc5
21. Bd2 Ne8 22. Rd5 Rc7 23. Bxb5 Bxc3 24. Bc4 Bxd2+ 1/2-1/2

[Event "Memorial Urbanec Miroslav"]
[Site "?"]
[Date "2009.??.??"]
[Round "?"]
[White "Nedoma, Petr"]
[Black "Schwarz, Jan"]
[Result "1-0"]
[WhiteElo "2375"]
[BlackElo "2325"]
[PlyCount "39"]
[EventDate "2009.??.??"]
[EventType "corr"]
[SourceDate "2004.06.03"]

1. Nf3 g6 2. e4 d6 3. d4 c6 4. Nc3 Bg7 5. Be2 Nf6 6. O-O O-O 7. h3 Nbd7 8. Be3
Qc7 9. a4 b6 10. Qd2 a6 11. g4 b5 12. axb5 cxb5 13. Bxb5 axb5 14. Rxa8 b4 15.
Ne2 Nb6 16. Raa1 h5 17. Qxb4 hxg4 18. Ng5 gxh3 19. d5 Nbd7 20. Ra7 1-0

[Event "Memorial Urbanec Miroslav"]
[Site "?"]
[Date "2009.??.??"]
[Round "?"]
[White "Nedoma, Petr"]
[Black "Sýkora, Josef"]
[Result "1/2-1/2"]
[WhiteElo "2375"]
[BlackElo "2364"]
[PlyCount "43"]
[EventDate "2009.??.??"]
[EventType "corr"]
[SourceDate "2004.06.03"]

1. e4 c6 2. d4 d5 3. exd5 cxd5 4. c4 Nf6 5. Nc3 e6 6. Nf3 Bb4 7. Bd3 dxc4 8.
Bxc4 O-O 9. O-O b6 10. Qb3 Bxc3 11. bxc3 Bb7 12. Be2 Nc6 13. Bg5 Rc8 14. Rfe1
Qd6 15. Bxf6 gxf6 16. Rac1 Rfd8 17. Nd2 Ne7 18. Bf3 Bxf3 19. Nxf3 Qf4 20. Qb2
Qg4 21. c4 Ng6 22. Re3 1/2-1/2

[Event "Memorial Urbanec Miroslav"]
[Site "?"]
[Date "2009.??.??"]
[Round "?"]
[White "Nedoma, Petr"]
[Black "Valák, Alois"]
[Result "1/2-1/2"]
[WhiteElo "2375"]
[BlackElo "2415"]
[PlyCount "65"]
[EventDate "2009.??.??"]
[EventType "corr"]
[SourceDate "2004.06.03"]

1. Nf3 Nf6 2. c4 c5 3. d4 cxd4 4. Nxd4 e5 5. Nb5 d6 6. Bg5 Be6 7. e3 Qb6 8.
Bxf6 gxf6 9. Qd2 Nd7 10. N5c3 f5 11. Nd5 Bxd5 12. cxd5 Bg7 13. Na3 O-O 14. Nc4
Qc7 15. Be2 Rac8 16. O-O Nf6 17. Rfc1 Qd7 18. Na5 f4 19. exf4 Bh6 20. Rxc8 Rxc8
21. g3 exf4 22. Qd4 Qe7 23. Bf3 Nd7 24. Nc4 fxg3 25. hxg3 Bg7 26. Qd3 Ne5 27.
Nxe5 Qxe5 28. Kg2 h6 29. Rb1 a6 30. Qd2 Qd4 31. Qe2 b5 32. b3 Qe5 33. Qxe5
1/2-1/2

[Event "Memorial Urbanec Miroslav"]
[Site "?"]
[Date "2009.??.??"]
[Round "?"]
[White "Novák, Vratislav"]
[Black "Cvak, Rudolf"]
[Result "1-0"]
[WhiteElo "2311"]
[BlackElo "2322"]
[PlyCount "93"]
[EventDate "2009.??.??"]
[EventType "corr"]
[SourceDate "2004.06.03"]

1. e4 e5 2. Nf3 Nf6 3. Nxe5 d6 4. Nf3 Nxe4 5. d4 d5 6. Bd3 Nc6 7. O-O Be7 8. c4
Nb4 9. Be2 O-O 10. Nc3 Bf5 11. a3 Nxc3 12. bxc3 Nc6 13. Re1 Bf6 14. cxd5 Qxd5
15. Bf4 Rfe8 16. Bxc7 Rac8 17. Bf4 Na5 18. Rc1 Qb3 19. Bf1 Rxe1 20. Qxe1 Nc4
21. Nd2 Nxd2 22. Bxd2 h6 23. a4 a6 24. a5 Qd5 25. Ra1 Be4 26. h3 Qf5 27. Qe3
Bc6 28. c4 Re8 29. Qc3 Re6 30. Be3 Be4 31. Qd2 Bh4 32. Bf4 Rf6 33. Re1 Qxf4 34.
Qxf4 Rxf4 35. g3 Rf3 36. Rxe4 Bf6 37. Re8+ Kh7 38. d5 Rb3 39. d6 Rb1 40. Rb8
Bc3 41. Kg2 Rd1 42. c5 Rd5 43. Rxb7 Bxa5 44. Rxf7 Rxc5 45. Bd3+ Kg8 46. Re7 Rc8
47. d7 1-0

[Event "Memorial Urbanec Miroslav"]
[Site "?"]
[Date "2009.??.??"]
[Round "?"]
[White "Novák, Vratislav"]
[Black "Kuta, Jirí"]
[Result "1/2-1/2"]
[WhiteElo "2311"]
[BlackElo "2423"]
[PlyCount "45"]
[EventDate "2009.??.??"]
[EventType "corr"]
[SourceDate "2004.06.03"]

1. e4 e5 2. Nf3 Nc6 3. Bb5 a6 4. Ba4 Nf6 5. O-O Be7 6. Re1 b5 7. Bb3 O-O 8. c3
d5 9. exd5 Nxd5 10. Nxe5 Nxe5 11. Rxe5 c6 12. d4 Bd6 13. Re1 Qh4 14. g3 Qh3 15.
Be3 Bg4 16. Qd3 Rae8 17. Nd2 Qh5 18. a4 Re6 19. axb5 axb5 20. Qf1 Bh3 21. Bd1
Qf5 22. Qe2 b4 23. Nc4 1/2-1/2

[Event "Memorial Urbanec Miroslav"]
[Site "?"]
[Date "2009.??.??"]
[Round "?"]
[White "Novák, Vratislav"]
[Black "Pirhala, Ladislav"]
[Result "1-0"]
[WhiteElo "2311"]
[BlackElo "2370"]
[PlyCount "87"]
[EventDate "2009.??.??"]
[EventType "corr"]
[SourceDate "2004.06.03"]

1. e4 c6 2. d4 d5 3. e5 Bf5 4. Nf3 e6 5. Be2 Nd7 6. O-O Ne7 7. Nbd2 h6 8. Nb3
Bh7 9. Bd2 Ng6 10. c4 dxc4 11. Bxc4 Be7 12. Bd3 Ngf8 13. Bxh7 Nxh7 14. Rc1 Nb6
15. Ne1 Nf8 16. Nd3 Ng6 17. g3 Qd5 18. h4 h5 19. Qe2 a5 20. Nbc5 Bxc5 21. Nxc5
Qxd4 22. Nxb7 Qxe5 23. Qxe5 Nxe5 24. Bc3 Ng6 25. Bxg7 Rg8 26. Bd4 Nd5 27. Nd6+
Ke7 28. Bc5 Kf6 29. Rc4 Nge7 30. Rfc1 Rab8 31. Ra4 Nf5 32. b3 Ra8 33. Nb7 e5
34. Rxa5 Rxa5 35. Nxa5 Nxh4 36. Kf1 Ng6 37. Nxc6 h4 38. a4 hxg3 39. fxg3 Rc8
40. Ba3 Nge7 41. Nxe7 Rxc1+ 42. Bxc1 Kxe7 43. g4 e4 44. Ke2 1-0

[Event "Memorial Urbanec Miroslav"]
[Site "?"]
[Date "2009.??.??"]
[Round "?"]
[White "Novák, Vratislav"]
[Black "Pravec, Ladislav"]
[Result "1/2-1/2"]
[WhiteElo "2311"]
[BlackElo "2324"]
[PlyCount "45"]
[EventDate "2009.??.??"]
[EventType "corr"]
[SourceDate "2004.06.03"]

1. e4 c5 2. Nf3 Nc6 3. d4 cxd4 4. Nxd4 Nf6 5. Nc3 e5 6. Ndb5 d6 7. Bg5 a6 8.
Na3 b5 9. Nd5 Be7 10. Bxf6 Bxf6 11. c4 b4 12. Nc2 a5 13. Be2 O-O 14. O-O Bg5
15. Qd3 Be6 16. h3 g6 17. Rad1 Rb8 18. b3 h5 19. f4 exf4 20. Nxf4 Bxf4 21. Rxf4
Qg5 22. Rf2 Rfd8 23. Qe3 1/2-1/2

[Event "Memorial Urbanec Miroslav"]
[Site "?"]
[Date "2009.??.??"]
[Round "?"]
[White "Novák, Vratislav"]
[Black "Schwarz, Jan"]
[Result "1-0"]
[WhiteElo "2311"]
[BlackElo "2325"]
[PlyCount "83"]
[EventDate "2009.??.??"]
[EventType "corr"]
[SourceDate "2004.06.03"]

1. e4 g6 2. d4 Bg7 3. Nc3 a6 4. Nf3 d6 5. Be2 e6 6. O-O Ne7 7. Be3 O-O 8. Qd2
b5 9. Bd3 Nd7 10. b4 Nc6 11. a4 Nxb4 12. axb5 a5 13. Ra3 Bb7 14. Bg5 Qe8 15.
Bh6 c5 16. bxc6 Bxc6 17. Bxg7 Kxg7 18. Na2 Nxa2 19. Rxa2 a4 20. c4 e5 21. Bc2
Qe7 22. Rfa1 Rfb8 23. d5 Bb7 24. Bxa4 Nc5 25. Qe3 Bc8 26. Nd2 Rb7 27. Bc2 Rxa2
28. Rxa2 Rb4 29. h3 Qb7 30. Qc3 Qb8 31. Kh2 Bd7 32. f4 f6 33. fxe5 fxe5 34. Ra5
Rb6 35. Nf3 Nb7 36. Ra1 Nc5 37. Rf1 Qe8 38. Nd2 Qe7 39. Nb3 Nxb3 40. Bxb3 Rb7
41. c5 dxc5 42. d6 1-0

[Event "Memorial Urbanec Miroslav"]
[Site "?"]
[Date "2009.??.??"]
[Round "?"]
[White "Novák, Vratislav"]
[Black "Sýkora, Josef"]
[Result "1/2-1/2"]
[WhiteElo "2311"]
[BlackElo "2364"]
[PlyCount "40"]
[EventDate "2009.??.??"]
[EventType "corr"]
[SourceDate "2004.06.03"]

1. e4 e6 2. d4 d5 3. Nc3 dxe4 4. Nxe4 Bd7 5. Nf3 Bc6 6. Bd3 Nd7 7. Qe2 Ngf6 8.
Nxf6+ Nxf6 9. O-O Bxf3 10. Qxf3 Qd5 11. Be2 Qxf3 12. Bxf3 O-O-O 13. c3 h6 14.
a4 a6 15. g3 Bd6 16. a5 Rhe8 17. Re1 c6 18. Bd1 e5 19. dxe5 Bxe5 20. Bb3 Bc7
1/2-1/2

[Event "Memorial Urbanec Miroslav"]
[Site "?"]
[Date "2009.??.??"]
[Round "?"]
[White "Novák, Vratislav"]
[Black "Zahour, Jirí"]
[Result "1-0"]
[WhiteElo "2311"]
[BlackElo "2331"]
[PlyCount "137"]
[EventDate "2009.??.??"]
[EventType "corr"]
[SourceDate "2004.06.03"]

1. e4 e5 2. Nf3 Nc6 3. Bb5 a6 4. Ba4 Nf6 5. O-O Bc5 6. c3 b5 7. Bc2 d6 8. d4
Bb6 9. a4 Bb7 10. d5 Ne7 11. Bg5 Ng6 12. axb5 axb5 13. Rxa8 Bxa8 14. Na3 c6 15.
Nh4 Nxh4 16. Bxh4 Qd7 17. Qf3 cxd5 18. Bxf6 dxe4 19. Bxe4 Bxe4 20. Qxe4 gxf6
21. Qa8+ Bd8 22. Qb8 Rg8 23. g3 b4 24. Qxb4 Rg4 25. Qb8 Ra4 26. Rd1 d5 27. Nc2
Ra7 28. Qb3 Rb7 29. Qa2 Ra7 30. Qxd5 Qxd5 31. Rxd5 Rb7 32. b4 Rc7 33. Rd3 e4
34. Re3 Kd7 35. Rxe4 Rxc3 36. Ne3 Rb3 37. Rd4+ Ke8 38. Kg2 Bb6 39. Re4+ Kf8 40.
Nd5 Bd8 41. Rh4 Kg7 42. Rc4 Rd3 43. Rc5 Kf8 44. Nf4 Ra3 45. Rh5 Kg7 46. Rb5 Bc7
47. Nd5 Be5 48. f4 Bd4 49. Ne7 Bc3 50. Kh3 Rb3 51. Rb8 h5 52. Kh4 Rxb4 53. Rxb4
Bxb4 54. Nd5 Bc5 55. Kxh5 Bg1 56. h4 Bc5 57. Kg4 Kh6 58. Nc3 Bd4 59. Ne4 Kg6
60. h5+ Kh6 61. Nd6 Bc5 62. Nxf7+ Kg7 63. Nd8 Bf2 64. Nb7 Kh7 65. Nd6 Kh6 66.
Nf5+ Kh7 67. Kf3 Be1 68. Ke4 Kg8 69. g4 1-0

[Event "Memorial Urbanec Miroslav"]
[Site "?"]
[Date "2009.??.??"]
[Round "?"]
[White "Pirhala, Ladislav"]
[Black "Canibal, Jaromír"]
[Result "0-1"]
[WhiteElo "2370"]
[BlackElo "2354"]
[PlyCount "66"]
[EventDate "2009.??.??"]
[EventType "corr"]
[SourceDate "2004.06.03"]

1. e4 e5 2. Nf3 Nc6 3. Bb5 a6 4. Ba4 Nf6 5. O-O Be7 6. Re1 b5 7. Bb3 O-O 8. c3
d5 9. exd5 Nxd5 10. Nxe5 Nxe5 11. Rxe5 c6 12. d4 Bd6 13. Re1 Qh4 14. g3 Qh3 15.
Bxd5 cxd5 16. Qf3 Bg4 17. Qxd5 Rad8 18. Nd2 Rde8 19. Re3 Bf4 20. Nf1 Bxe3 21.
Nxe3 Rd8 22. Qg2 Qh5 23. Nxg4 Qxg4 24. Qf1 Rfe8 25. Be3 h5 26. Qd1 Qg6 27. Qf1
h4 28. Re1 Re7 29. Re2 Rde8 30. Re1 f5 31. Qg2 Re4 32. Kf1 Qf7 33. Ra1 Qh5 0-1

[Event "Memorial Urbanec Miroslav"]
[Site "?"]
[Date "2009.??.??"]
[Round "?"]
[White "Pirhala, Ladislav"]
[Black "Dedina, Miroslav"]
[Result "1-0"]
[WhiteElo "2370"]
[BlackElo "2346"]
[PlyCount "43"]
[EventDate "2009.??.??"]
[EventType "corr"]
[SourceDate "2004.06.03"]

1. e4 e5 2. Nf3 Nc6 3. Bb5 Nf6 4. Nc3 Bb4 5. O-O O-O 6. d3 Bxc3 7. bxc3 d6 8.
Bg5 h6 9. Bh4 Qe7 10. Re1 Nd8 11. d4 Ne6 12. dxe5 dxe5 13. Nxe5 Qc5 14. Bxf6
gxf6 15. Nd7 Qxb5 16. Nxf6+ Kg7 17. e5 Rh8 18. Qg4+ Ng5 19. Qg3 Kf8 20. h4 Nh7
21. Rad1 Be6 22. Re3 1-0

[Event "Memorial Urbanec Miroslav"]
[Site "?"]
[Date "2009.??.??"]
[Round "?"]
[White "Pirhala, Ladislav"]
[Black "Fric, Pavel"]
[Result "1/2-1/2"]
[WhiteElo "2370"]
[BlackElo "2433"]
[PlyCount "91"]
[EventDate "2009.??.??"]
[EventType "corr"]
[SourceDate "2004.06.03"]

1. e4 c5 2. Nf3 d6 3. d4 cxd4 4. Nxd4 Nf6 5. Nc3 a6 6. Bg5 e6 7. f4 Qb6 8. Qd2
Qxb2 9. Rb1 Qa3 10. f5 Nc6 11. fxe6 fxe6 12. Nxc6 bxc6 13. Be2 Be7 14. Rb3 Qa5
15. Bh5+ g6 16. Be2 O-O 17. h4 Qe5 18. Qe3 d5 19. Bf4 Ng4 20. g3 Nxe3 21. Bxe5
Nxc2+ 22. Kd2 Na3 23. Na4 Nc4+ 24. Bxc4 dxc4 25. Rbb1 Ra7 26. Nb6 Bd7 27. Ke2
c5 28. Nxd7 Rxd7 29. Rhc1 Rfd8 30. Rb2 g5 31. hxg5 Bxg5 32. Rxc4 Rd2+ 33. Rxd2
Rxd2+ 34. Kf3 Rd3+ 35. Kg4 Be7 36. Ra4 Bd6 37. Bf4 Bxf4 38. gxf4 Rd6 39. Rc4
Rc6 40. f5 Kf7 41. Kf4 Ke7 42. Ke5 h6 43. a3 h5 44. fxe6 Rxe6+ 45. Kf5 Rc6 46.
Kg5 1/2-1/2

[Event "Memorial Urbanec Miroslav"]
[Site "?"]
[Date "2009.??.??"]
[Round "?"]
[White "Pirhala, Ladislav"]
[Black "Hladecek, Miloslav"]
[Result "1/2-1/2"]
[WhiteElo "2370"]
[BlackElo "2420"]
[PlyCount "62"]
[EventDate "2009.??.??"]
[EventType "corr"]
[SourceDate "2004.06.03"]

1. e4 e6 2. d4 d5 3. Nc3 Nf6 4. Bg5 dxe4 5. Nxe4 Nbd7 6. Nf3 Be7 7. Nxf6+ Bxf6
8. Bxf6 Nxf6 9. g3 Bd7 10. Bg2 Bc6 11. O-O O-O 12. c3 a5 13. a4 Qd6 14. Ne5
Bxg2 15. Kxg2 Nd7 16. Re1 Rfd8 17. Qf3 Nxe5 18. Rxe5 b6 19. Rd1 c6 20. b3 Rac8
21. Qe4 Qa3 22. Qc2 h6 23. c4 Qb4 24. Qd3 Rb8 25. h3 Rd6 26. Qe3 Rd7 27. Qf3
Rbd8 28. Rd3 Qd6 29. Qe4 Qc7 30. Rd2 Rd6 31. Qe3 R6d7 1/2-1/2

[Event "Memorial Urbanec Miroslav"]
[Site "?"]
[Date "2009.??.??"]
[Round "?"]
[White "Pirhala, Ladislav"]
[Black "Kuta, Jirí"]
[Result "1/2-1/2"]
[WhiteElo "2370"]
[BlackElo "2423"]
[PlyCount "54"]
[EventDate "2009.??.??"]
[EventType "corr"]
[SourceDate "2004.06.03"]

1. e4 e5 2. Nf3 Nc6 3. Bb5 a6 4. Ba4 Nf6 5. O-O Be7 6. Re1 b5 7. Bb3 O-O 8. Nc3
Bb7 9. d3 d6 10. a4 Na5 11. Ba2 b4 12. Ne2 Rb8 13. Ng3 c5 14. Bd2 Bc8 15. Nf1
Be6 16. Bxe6 fxe6 17. Ne3 h6 18. Qe2 Qe8 19. h3 Rb7 20. Red1 Nh5 21. Nc4 Nxc4
22. dxc4 Qg6 23. Qd3 Nf6 24. Re1 Nd7 25. Re3 Qh5 26. Nh2 Nb8 27. Rf3 Rxf3
1/2-1/2

[Event "Memorial Urbanec Miroslav"]
[Site "?"]
[Date "2009.??.??"]
[Round "?"]
[White "Pirhala, Ladislav"]
[Black "Nedoma, Petr"]
[Result "1/2-1/2"]
[WhiteElo "2370"]
[BlackElo "2375"]
[PlyCount "62"]
[EventDate "2009.??.??"]
[EventType "corr"]
[SourceDate "2004.06.03"]

1. e4 c5 2. Nf3 Nc6 3. d4 cxd4 4. Nxd4 Nf6 5. Nc3 e5 6. Ndb5 d6 7. Bg5 a6 8.
Na3 b5 9. Nd5 Be7 10. Bxf6 Bxf6 11. c4 b4 12. Nc2 O-O 13. Be2 Bg5 14. O-O Be6
15. Qd3 Rb8 16. b3 a5 17. Rad1 g6 18. g3 Bh6 19. h4 Kg7 20. Nde3 Qb6 21. Ng4
Rbd8 22. Bf3 a4 23. Kg2 Qc5 24. Nxh6 Kxh6 25. h5 Kg7 26. Rh1 h6 27. Rd2 Rd7 28.
Qe2 Ra7 29. Bg4 f5 30. Bh3 f4 31. Qd1 Bxh3+ 1/2-1/2

[Event "Memorial Urbanec Miroslav"]
[Site "?"]
[Date "2009.??.??"]
[Round "?"]
[White "Pirhala, Ladislav"]
[Black "Zahour, Jirí"]
[Result "1/2-1/2"]
[WhiteElo "2370"]
[BlackElo "2331"]
[PlyCount "112"]
[EventDate "2009.??.??"]
[EventType "corr"]
[SourceDate "2004.06.03"]

1. e4 e5 2. Nf3 Nc6 3. Bb5 a6 4. Ba4 Nf6 5. O-O Bc5 6. c3 b5 7. Bb3 d6 8. d4
Bb6 9. h3 O-O 10. Re1 Bb7 11. Bg5 h6 12. Bh4 g5 13. Bg3 Re8 14. d5 Ne7 15. Nh2
Ng6 16. Ng4 Nxg4 17. Qxg4 Qf6 18. Nd2 Nf4 19. Bxf4 Qxf4 20. Qxf4 exf4 21. a4
Kg7 22. Nf3 f5 23. exf5 Rxe1+ 24. Rxe1 bxa4 25. Bxa4 Bxd5 26. Re7+ Bf7 27. Bb3
Rf8 28. Nh2 h5 29. Kh1 a5 30. g4 fxg3 31. fxg3 a4 32. Rxf7+ Rxf7 33. Bxf7 Kxf7
34. Kg2 d5 35. Nf3 g4 36. hxg4 hxg4 37. Ne5+ Kf6 38. Nxg4+ Kxf5 39. Kf3 d4 40.
cxd4 Bxd4 41. Ne3+ Kg5 42. Nc2 Bxb2 43. g4 a3 44. Nb4 c5 45. Na2 Bd4 46. Nc1
Kf6 47. Ke4 Ke6 48. Na2 Bf6 49. Kd3 Kd5 50. Kc2 c4 51. Nb4+ Kd4 52. Na2 Kc5 53.
Kb1 Be7 54. Kc1 Bg5+ 55. Kc2 Bf6 56. Kb1 Kb5 1/2-1/2

[Event "Memorial Urbanec Miroslav"]
[Site "?"]
[Date "2009.??.??"]
[Round "?"]
[White "Pravec, Ladislav"]
[Black "Cvak, Rudolf"]
[Result "1/2-1/2"]
[WhiteElo "2324"]
[BlackElo "2322"]
[PlyCount "55"]
[EventDate "2009.??.??"]
[EventType "corr"]
[SourceDate "2004.06.03"]

1. d4 Nf6 2. c4 e6 3. Nf3 b6 4. g3 Bb7 5. Bg2 Be7 6. O-O O-O 7. b3 c5 8. Bb2
cxd4 9. Qxd4 Nc6 10. Qf4 Qb8 11. Qxb8 Raxb8 12. Nc3 Rfd8 13. Rfd1 a6 14. Rac1
Ba8 15. e3 b5 16. cxb5 axb5 17. Ne1 d5 18. Bf1 b4 19. Na4 Bd6 20. Nf3 Nd7 21.
Be2 Rbc8 22. Ba6 Rc7 23. Rd2 Ne7 24. Rxc7 Bxc7 25. Rc2 Bd6 26. Bb5 f6 27. Nd4
Kf7 28. Be2 1/2-1/2

[Event "Memorial Urbanec Miroslav"]
[Site "?"]
[Date "2009.??.??"]
[Round "?"]
[White "Pravec, Ladislav"]
[Black "Dedina, Miroslav"]
[Result "1/2-1/2"]
[WhiteElo "2324"]
[BlackElo "2346"]
[PlyCount "43"]
[EventDate "2009.??.??"]
[EventType "corr"]
[SourceDate "2004.06.03"]

1. d4 Nf6 2. c4 g6 3. Nc3 Bg7 4. e4 d6 5. Be2 O-O 6. Nf3 c6 7. O-O Nbd7 8. Be3
e5 9. d5 c5 10. Ne1 Ne8 11. Nd3 Qe7 12. f3 f5 13. exf5 gxf5 14. a4 Kh8 15. Qb3
Rg8 16. Rae1 f4 17. Bd2 Bf6 18. Bd1 Qg7 19. Re2 Nf8 20. Kh1 Ng6 21. Ne4 Nh4 22.
Bc3 1/2-1/2

[Event "Memorial Urbanec Miroslav"]
[Site "?"]
[Date "2009.??.??"]
[Round "?"]
[White "Pravec, Ladislav"]
[Black "Fric, Pavel"]
[Result "1/2-1/2"]
[WhiteElo "2324"]
[BlackElo "2433"]
[PlyCount "61"]
[EventDate "2009.??.??"]
[EventType "corr"]
[SourceDate "2004.06.03"]

1. d4 Nf6 2. c4 e6 3. Nf3 c5 4. d5 b5 5. dxe6 fxe6 6. cxb5 a6 7. bxa6 Be7 8.
Nc3 Bxa6 9. g3 Nc6 10. Bg2 O-O 11. O-O d5 12. Re1 h6 13. Qc2 Qe8 14. Bd2 Qf7
15. Nh4 Ne4 16. Bxe4 Bxh4 17. Bg2 Nb4 18. Qc1 Bf6 19. Kh1 c4 20. Rd1 Bb7 21.
Be3 d4 22. Rxd4 Bxd4 23. Bxd4 Bxg2+ 24. Kxg2 Qf5 25. Be3 Nc2 26. Rb1 Kh8 27. a4
Nxe3+ 28. Qxe3 Rxa4 29. Nxa4 Qxb1 30. Qxe6 Qf5 31. Qxf5 1/2-1/2

[Event "Memorial Urbanec Miroslav"]
[Site "?"]
[Date "2009.??.??"]
[Round "?"]
[White "Pravec, Ladislav"]
[Black "Kuta, Jirí"]
[Result "1-0"]
[WhiteElo "2324"]
[BlackElo "2423"]
[PlyCount "93"]
[EventDate "2009.??.??"]
[EventType "corr"]
[SourceDate "2004.06.03"]

1. d4 Nf6 2. c4 c5 3. d5 b5 4. cxb5 a6 5. e3 g6 6. Nc3 Bg7 7. Nf3 O-O 8. a4 Bb7
9. Rb1 e6 10. dxe6 fxe6 11. Be2 axb5 12. axb5 d5 13. O-O Nbd7 14. b4 c4 15. Nd4
Qe7 16. Nc6 Qd6 17. Na5 Rab8 18. Bb2 Qc7 19. Qd2 Ba8 20. f4 Rf7 21. Bf3 Bf8 22.
Ba1 Re8 23. g3 Bg7 24. Qa2 Bf8 25. Rfd1 Nb6 26. Ne2 Nbd7 27. Nd4 Bg7 28. Ndc6
Qb6 29. Bd4 Qxb5 30. Na7 Qb8 31. b5 Nb6 32. N7c6 Qc7 33. Ne5 Rff8 34. Kg2 Kh8
35. Qa3 Rc8 36. Qb4 Rfe8 37. Nac6 Nfd7 38. Ne7 Nxe5 39. Nxc8 Qxc8 40. fxe5 Bf8
41. Qd2 Nd7 42. Ra1 Kg8 43. Rf1 Nc5 44. Ra7 Bb7 45. Qa5 Nd7 46. Bg4 h5 47. Bd1
1-0

[Event "Memorial Urbanec Miroslav"]
[Site "?"]
[Date "2009.??.??"]
[Round "?"]
[White "Pravec, Ladislav"]
[Black "Pirhala, Ladislav"]
[Result "1/2-1/2"]
[WhiteElo "2324"]
[BlackElo "2370"]
[PlyCount "49"]
[EventDate "2009.??.??"]
[EventType "corr"]
[SourceDate "2004.06.03"]

1. d4 Nf6 2. c4 e6 3. Nf3 d5 4. Nc3 c6 5. e3 Nbd7 6. Bd3 dxc4 7. Bxc4 b5 8. Bd3
a6 9. e4 c5 10. e5 cxd4 11. Nxb5 axb5 12. exf6 gxf6 13. O-O Qb6 14. Qe2 b4 15.
Rd1 Bc5 16. Bf4 Bb7 17. Be4 Ba6 18. Qd2 Ra7 19. Bg3 h5 20. Rac1 e5 21. Bf5 Be7
22. Nh4 Bb7 23. f4 Rg8 24. Qe2 Ra5 25. Bxd7+ 1/2-1/2

[Event "Memorial Urbanec Miroslav"]
[Site "?"]
[Date "2009.??.??"]
[Round "?"]
[White "Pravec, Ladislav"]
[Black "Schwarz, Jan"]
[Result "1-0"]
[WhiteElo "2324"]
[BlackElo "2325"]
[PlyCount "61"]
[EventDate "2009.??.??"]
[EventType "corr"]
[SourceDate "2004.06.03"]

1. d4 Nf6 2. c4 c5 3. d5 g6 4. Nc3 Bg7 5. e4 d6 6. Nf3 Bg4 7. Be2 O-O 8. O-O
Qb6 9. Qc2 Nfd7 10. Rd1 a6 11. Be3 Qa5 12. h3 Bxf3 13. Bxf3 b5 14. Be2 b4 15.
Na4 Nb6 16. Nxb6 Qxb6 17. h4 a5 18. Qd2 a4 19. Bh6 a3 20. Bxg7 Kxg7 21. b3 Nd7
22. h5 h6 23. f4 Nf6 24. Qe3 Qc7 25. hxg6 fxg6 26. e5 Nd7 27. e6 Nf6 28. Rf1
Qc8 29. g4 Qe8 30. Rf2 h5 31. gxh5 1-0

[Event "Memorial Urbanec Miroslav"]
[Site "?"]
[Date "2009.??.??"]
[Round "?"]
[White "Pravec, Ladislav"]
[Black "Zahour, Jirí"]
[Result "1/2-1/2"]
[WhiteElo "2324"]
[BlackElo "2331"]
[PlyCount "67"]
[EventDate "2009.??.??"]
[EventType "corr"]
[SourceDate "2004.06.03"]

1. d4 Nf6 2. c4 e6 3. Nf3 b6 4. g3 Ba6 5. b3 Bb4+ 6. Bd2 Be7 7. Bg2 O-O 8. O-O
d5 9. cxd5 exd5 10. Nc3 Bb7 11. Rc1 Nbd7 12. Qc2 Re8 13. Rfd1 c6 14. Ne1 Nf8
15. Bg5 Ba3 16. Rb1 Ne6 17. Bc1 Bd6 18. Nf3 a5 19. e3 b5 20. Bb2 Qc7 21. Ra1 h6
22. a3 Ba6 23. Rdc1 Qb7 24. Ne2 Rac8 25. Ne1 b4 26. axb4 axb4 27. Nd3 Bb5 28.
Nef4 Nxf4 29. exf4 Ra8 30. Ne5 Rac8 31. Qf5 Ra8 32. h4 Rxa1 33. Rxa1 Ra8 34.
Rxa8+ 1/2-1/2

[Event "Memorial Urbanec Miroslav"]
[Site "?"]
[Date "2009.??.??"]
[Round "?"]
[White "Schwarz, Jan"]
[Black "Cvak, Rudolf"]
[Result "1-0"]
[WhiteElo "2325"]
[BlackElo "2322"]
[PlyCount "101"]
[EventDate "2009.??.??"]
[EventType "corr"]
[SourceDate "2004.06.03"]

1. c4 Nf6 2. Nf3 e6 3. g3 d5 4. d4 dxc4 5. Bg2 c5 6. O-O Nc6 7. Qa4 cxd4 8.
Nxd4 Qxd4 9. Bxc6+ Bd7 10. Rd1 Bxc6 11. Qxc6+ bxc6 12. Rxd4 Rd8 13. Rxc4 Rd1+
14. Kg2 Kd7 15. Nc3 Re1 16. b3 Nd5 17. Bb2 Rxa1 18. Bxa1 f6 19. Ne4 Nb6 20. Rc2
e5 21. f4 exf4 22. gxf4 Be7 23. Kf3 Kc7 24. Bd4 Ra8 25. h4 a5 26. e3 Nd7 27.
Rg2 Bf8 28. h5 c5 29. Bc3 h6 30. a4 Nb6 31. Nd2 Kc6 32. Nc4 Nxc4 33. bxc4 Rd8
34. Rd2 Bd6 35. e4 Re8 36. Rg2 Rb8 37. Rb2 Rd8 38. Rb5 Bc7 39. Kg4 Rd1 40. Bxa5
Bxa5 41. Rxa5 Rd4 42. Kf5 Rxc4 43. Ra7 Rb4 44. Rxg7 c4 45. Rg1 Kd7 46. a5 Ke7
47. Rg7+ Kd6 48. e5+ fxe5 49. fxe5+ Kc6 50. e6 c3 51. Rg3 1-0

[Event "Memorial Urbanec Miroslav"]
[Site "?"]
[Date "2009.??.??"]
[Round "?"]
[White "Schwarz, Jan"]
[Black "Dedina, Miroslav"]
[Result "1/2-1/2"]
[WhiteElo "2325"]
[BlackElo "2346"]
[PlyCount "33"]
[EventDate "2009.??.??"]
[EventType "corr"]
[SourceDate "2004.06.03"]

1. c4 c5 2. Nf3 Nf6 3. Nc3 Nc6 4. d4 cxd4 5. Nxd4 e6 6. a3 Be7 7. g3 Qb6 8. Nf3
Ng4 9. e3 Nge5 10. Nxe5 Nxe5 11. Qe2 Qb3 12. f4 Nc6 13. Qd3 b6 14. Nb5 Qxd3 15.
Bxd3 O-O 16. Kf2 a6 17. Nc3 1/2-1/2

[Event "Memorial Urbanec Miroslav"]
[Site "?"]
[Date "2009.??.??"]
[Round "?"]
[White "Schwarz, Jan"]
[Black "Fric, Pavel"]
[Result "1-0"]
[WhiteElo "2325"]
[BlackElo "2433"]
[PlyCount "107"]
[EventDate "2009.??.??"]
[EventType "corr"]
[SourceDate "2004.06.03"]

1. c4 Nf6 2. Nf3 b6 3. Nc3 Bb7 4. d4 e6 5. a3 d5 6. cxd5 Nxd5 7. Qc2 Nxc3 8.
bxc3 Be7 9. e4 O-O 10. Bd3 c5 11. O-O Qc7 12. Qe2 Nd7 13. Bb2 Rfd8 14. a4 Rac8
15. Rac1 h6 16. h3 Nf6 17. Ne5 Nd7 18. Ng4 Bg5 19. Rcd1 Nf8 20. g3 h5 21. Ne5
h4 22. f4 Bf6 23. gxh4 Bxh4 24. Qg4 Bf6 25. h4 cxd4 26. cxd4 Qe7 27. h5 Qb4 28.
Rf2 Rc7 29. h6 Bxe5 30. fxe5 Ng6 31. Qh3 Qxa4 32. Ra1 Qb3 33. hxg7 Kxg7 34. Qf3
Kg8 35. d5 Rdc8 36. Ra3 Qb4 37. Rxa7 Qc5 38. d6 Rd7 39. Ra1 b5 40. Kf1 Qb4 41.
Qe3 Rc3 42. Re1 Rb3 43. Bd4 Qa5 44. Ra1 Qd8 45. Rf6 Kg7 46. Ke2 Qh8 47. Kd2 Bc6
48. Rc1 Ba8 49. Rg1 Qh4 50. Qf2 Qxf2+ 51. Rxf2 Bb7 52. Rff1 b4 53. Rc1 Kh8 54.
Bc4 1-0

[Event "Memorial Urbanec Miroslav"]
[Site "?"]
[Date "2009.??.??"]
[Round "?"]
[White "Schwarz, Jan"]
[Black "Hladecek, Miloslav"]
[Result "0-1"]
[WhiteElo "2325"]
[BlackElo "2420"]
[PlyCount "66"]
[EventDate "2009.??.??"]
[EventType "corr"]
[SourceDate "2004.06.03"]

1. c4 e5 2. g3 Nf6 3. Bg2 Bc5 4. Nc3 Nc6 5. Nf3 d6 6. e3 Bb6 7. d4 O-O 8. d5
Ne7 9. e4 c6 10. O-O h6 11. Bd2 Bd7 12. Rc1 a6 13. Qb3 Ba7 14. Qa3 Qb8 15. dxc6
bxc6 16. Na4 Re8 17. Rfe1 c5 18. Nc3 Bb6 19. Nh4 Nc6 20. Nd1 Nd4 21. Nf5 a5 22.
Qd3 a4 23. Rb1 Bd8 24. h3 Ra7 25. Nde3 h5 26. Nh4 Rb7 27. Bc3 g6 28. Rbd1 Qc8
29. Kh2 Rb8 30. Rh1 Bc6 31. Rhg1 Nh7 32. Nf3 Nxf3+ 33. Bxf3 Ng5 0-1